Statistics for How to say 'Happy Birthday' in Europe

Click here to take the quiz!

General Stats

  • This quiz has been taken 528 times
    (513 since last reset)
  • The average score is 19 of 42

Answer Stats

'Happy birthday'Language% Correct
Happy birthdayEnglish
100%
Joyeux anniversaireFrench
96%
Alles Gute zum GeburtstagGerman
96%
Feliz cumpleañosSpanish
95%
Feliz AniversárioPortuguese
91%
С днем рожденияRussian
90%
Buon compleannoItalian
84%
Wszystkiego najlepszego z okazji urodzinPolish
82%
Gelukkige verjaardagDutch
80%
Hyvää syntymäpäivääFinnish
71%
Grattis på födelsedagenSwedish
68%
Χαρούμενα γενέθλιαGreek
64%
З Днем НародженняUkrainian
62%
Všechno nejlepší k narozeninámCzech
59%
Gratulerer med dagenNorwegian
58%
La mulți aniRomanian
52%
Boldog születésnapotHungarian
46%
Честит Рожден денBulgarian
45%
Penblwydd hapusWelsh
40%
Palju õnne sünnipäevaksEstonian
38%
Tillykke med fødselsdagenDanish
35%
Срећан рођенданSerbian
30%
Lá breithe shona duitIrish
29%
Til hamingju með afmæliðIcelandic
28%
Daudz laimes dzimšanas dienāLatvian
28%
Šťastné narodeninySlovak
28%
מזל דיין געבורסטאָגYiddish
28%
З Днём НараджэнняBelarusian
26%
Среќен роденденMacedonian
25%
Co-là-breith mathScottish Gaelic
25%
Sretan rođendanCroatian
23%
İyi ki doğdunTurkish
23%
Feliç aniversariCatalan
22%
Gëzuar ditëlindjenAlbanian
21%
Sretan rođendanBosnian
19%
Alles Guddes fir de GebuertsdagLuxembourgish
16%
Su gimtadieniuLithuanian
13%
Vse najboljšeSlovene
13%
ZorionakBasque
10%
Feliz AniversarioGalician
9%
Lokkige jierdeiFrisian
7%
Felice AnniversariuCorsican
5%

Score Distribution

Percentile by Number Answered

Percent of People with Each Score

Your Score History

You have not taken this quiz since the last reset